| 000 | 00686nam a2200205Ia 4500 | ||
|---|---|---|---|
| 008 | 130821s2003 sz ao gr spa | ||
| 040 |
_aCo-BoUCM _bspa |
||
| 041 | 0 | 0 | _aspa |
| 110 | 1 | _aOrganización Mundial del Comercio. OMC | |
| 245 | 1 | 0 |
_aEntender la OMC _cOMC |
| 250 | _a3a. ed. | ||
| 260 |
_aGinebra (Suiza) _bOMC _c2003 |
||
| 300 |
_a111 páginas _bilustraciones, gráficas, fotografías |
||
| 610 |
_aOrganización Mundial del Comercio. OMC _xFines y objetivos |
||
| 650 | 0 | 4 |
_aComercio internacional _911207 |
| 650 | 0 | 4 |
_aComercio _911192 |
| 650 | 0 | 4 |
_aCooperación internacional _911969 |
| 942 |
_cLIBRO _a7 _e3 _mO686e _2DEWEY _h382.9 |
||
| 999 |
_c47285 _d47285 |
||